|
|
|
|
| LEADER |
00000nab a2200000 a 4500 |
| 001 |
vtls010357526 |
| 003 |
SK-MaSNL |
| 005 |
20260303093438.0 |
| 008 |
120517c20120507xo wr| 0 0slo |
| 038 |
|
|
|a RVGKPD
|
| 040 |
|
|
|a RVGKPD
|b slo
|c RVGKPD
|e AACR2
|
| 041 |
|
|
|a slo
|
| 044 |
|
|
|a xo
|c SK
|
| 080 |
|
|
|a 746.1
|2 1997
|
| 245 |
0 |
0 |
|a Aj na malých krosnách sa dajú vyčarovať krásne veci
|b Mária Halková tká už niekoľko desiatok rokov
|c [autor] (tin)
|
| 300 |
|
|
|b Fotogr.
|
| 600 |
1 |
7 |
|a Halková, Mária
|2 rvgkpd
|9 1104611
|
| 650 |
0 |
7 |
|a ručné práce
|2 rvgkpd
|9 3095
|
| 650 |
0 |
7 |
|a tkanie
|2 rvgkpd
|9 16177
|
| 651 |
|
7 |
|a Rožňava (Slovensko)
|2 rvgkpd
|9 17394
|
| 773 |
0 |
|
|t Rožňavský korzár
|g Roč. I, č. 17 (7.5.2012), s. 5
|
| 852 |
|
|
|a RVGKPD
|b KIS3G
|
| 856 |
4 |
1 |
|u http://roznava.korzar.sme.sk/c/6363335/aj-na-malych-krosnach-sa-daju-vycarovat-krasne-veci.html
|
| 992 |
|
|
|a RBX
|
| 999 |
|
|
|c 1815673
|d 1817603
|